000 00855nam a22002537a 4500
005 20170123162350.0
010 _aA-688136
020 _c45.00
035 _aA-688136
037 _bCen Lib/Ret
040 _aDPL
_bUR
082 _a270.6
_bف ا ر
100 _aضیاء الحسن فاروقی
_9117788
245 _a/ مسلمانون کا تعلیمی نظام
_cضیاء الحسن فاروقی
246 _aMusalmanoon ka taleemi nizam /
_bby Raza Al-Hasan Farooqi
260 _aنئی دہلی
_bمکتبہ جامہ لمیٹڈ
_c1992
270 _aمکتبہ جامعہ لمیٹڈ، جامعہ نگر
_bنئی دہلی
300 _a88p.
_c20cm(Hb)
650 _a مذہب
_v
_9135822
650 _a اسلام
_9135823
650 _aReligion
_9135824
650 _aIslam
_95289
942 _2ddc
_cUR
_h270.6
_mف ا ر
999 _c109159
_d109159